| 000 | 01137nam a22002777a 4500 | ||
|---|---|---|---|
| 999 |
_c117094 _d117094 |
||
| 003 | dpl | ||
| 005 | 20181229150818.0 | ||
| 008 | 181229b ||||| |||| 00| 0 eng d | ||
| 010 | _aB-200000, B-200004 | ||
| 020 |
_c200.00 _a8185244650 |
||
| 035 | _aB-200000, B-200004 | ||
| 037 | _bCen Lib/Ret | ||
| 040 |
_aDPL _bHN _c0 |
||
| 082 |
_aउ _bराजगुरु |
||
| 100 |
_aराजगुरु, नरेन्द्र _970037 |
||
| 245 |
_aस्वेतंबरा / _c नरेन्द्र राजगुरु |
||
| 246 |
_aSwetanbara _bby Narendra Rajguru |
||
| 260 |
_aनई दिल्ली _bहिंदी बुक सेण्टर _c2006 |
||
| 270 |
_a4/5, बी -आसफ अली रोड _bनई दिल्ली _e110002 |
||
| 300 |
_a196पृष्ठ. _c21सेमी(सजिल्द) |
||
| 650 |
_aहिंदी साहित्य _970038 |
||
| 650 |
_aएतिहासिक हिंदी उपन्यास _91531 |
||
| 650 |
_aHindi literature _970039 |
||
| 650 |
_aHindi historical novel _970040 |
||
| 942 |
_2ddc _cHN _hउ _mराजगुरु |
||